=LDR 00000nam 2200000 4500 =001 NUTBA000000000003226 =005 20140807153958.0 =006 =007 =008 =020 ##$$a 602-8519-18-9 =035 ##$$a 0010-081400000000070 =040 ##$$a NBPDMAT =082 ##$$a 372.7 =090 ##$$a 372.7 $b Fac p =100 ##$$a Fachri =245 ##$$a Pangkat tak sebenarnya / $c Fachri =260 ##$$a Jakarta : $b Ghina Walafa, $c 2011 =300 ##$$a iv, 48 hlm. ; $c 21 cm. =650 ##$$a Matematika SD =990 ##$$a 21404332 =990 ##$$a 0001/BPAP-NTB/20142014 =990 ##$$a 0001/BPAP-NTB/20142014 =990 ##$$a 0001/BPAP-NTB/20142014 =990 ##$$a 0001/BPAP-NTB/20142014 =990 ##$$a 0001/BPAP-NTB/20142014 =990 ##$$a 0001/BPAP-NTB/20142014